Drag Country Pins onto a Venn Diagram - Statistics

General Stats
  • This quiz has been taken 2,037 times
  • The average score is 6 of 30
Answers on the Map
Answers color-coded by a green-red scale on the quiz's map according to % correct below.
 
Answer Stats
Country % Correct
Ecuador
35%
Albania
30%
Tajikistan
30%
Italy
29%
Tuvalu
29%
Finland
28%
Greece
28%
Lebanon
28%
Liechtenstein
28%
Myanmar
28%
Portugal
28%
Bahamas
27%
Cuba
27%
United Kingdom
27%
Barbados
26%
Bulgaria
26%
Grenada
26%
Israel
26%
Moldova
26%
Saint Kitts
26%
Venezuela
26%
Cape Verde
25%
DR Congo
25%
FSM
25%
Jordan
25%
New Zealand
25%
North Korea
25%
North Macedonia
25%
Somalia
25%
South Africa
25%
Sri Lanka
25%
Ukraine
25%
Austria
24%
Canada
24%
Czechia
24%
Iran
24%
Ivory Coast
24%
Jamaica
24%
Latvia
24%
Lithuania
24%
Madagascar
24%
Romania
24%
Rwanda
24%
Saint Vincent
24%
Serbia
24%
Singapore
24%
Australia
23%
Bosnia
23%
Croatia
23%
Ethiopia
23%
Haiti
23%
Indonesia
23%
Nepal
23%
Netherlands
23%
Panama
23%
Peru
23%
South Korea
23%
Sweden
23%
Thailand
23%
Trinidad and Tobago
23%
Tunisia
23%
Antigua
22%
Armenia
22%
Brazil
22%
Cameroon
22%
Cyprus
22%
Egypt
22%
Ireland
22%
Japan
22%
Kosovo
22%
Laos
22%
Pakistan
22%
Saint Lucia
22%
Slovenia
22%
Syria
22%
Tanzania
22%
Togo
22%
Yugoslavia
22%
Bahrain
21%
Belarus
21%
Benin
21%
Cambodia
21%
Colombia
21%
El Salvador
21%
Eritrea
21%
Fiji
21%
Germany
21%
India
21%
Kazakhstan
21%
Mali
21%
Malta
21%
Mauritania
21%
Nicaragua
21%
Papua New Guinea
21%
Paraguay
21%
Uruguay
21%
Andorra
20%
Bangladesh
20%
Bolivia
20%
Chad
20%
Gabon
20%
Gambia
20%
Georgia
20%
Guinea-Bissau
20%
Hungary
20%
Libya
20%
Luxembourg
20%
Marshall Islands
20%
Slovakia
20%
Turkmenistan
20%
Azerbaijan
19%
Brunei
19%
Costa Rica
19%
Dominican Rep.
19%
Estonia
19%
France
19%
Iceland
19%
Mexico
19%
Montenegro
19%
Nigeria
19%
Philippines
19%
Qatar
19%
United States
19%
USSR
19%
Uzbekistan
19%
Vatican City
19%
Yemen
19%
China
18%
Guatemala
18%
Guyana
18%
Malawi
18%
Morocco
18%
Nauru
18%
Poland
18%
Senegal
18%
Tibet
18%
Uganda
18%
Zambia
18%
Zimbabwe
18%
Algeria
17%
Belgium
17%
Burkina Faso
17%
Denmark
17%
Honduras
17%
Iraq
17%
Mongolia
17%
Najran
17%
Niger
17%
Norway
17%
Oman
17%
Sierra Leone
17%
Solomon Islands
17%
Vietnam
17%
Argentina
16%
East Timor
16%
Suriname
16%
Turkey
16%
Chile
15%
Ghana
15%
Malaysia
15%
Monaco
15%
Palau
15%
Vanuatu
15%
Angola
14%
Botswana
14%
Guinea
14%
Liberia
14%
Mozambique
14%
Namibia
14%
Saudi Arabia
14%
Switzerland
14%
Afghanistan
13%
Belize
13%
Kenya
13%
Newfoundland
13%
South Sudan
12%
Dominica
10%
Spain
9%
Sudan
7%
No matching quizzes found
Score Distribution
Percent of People with Each Score
Percentile by Number Answered
Your Score History
You have not taken this quiz